|
|
|
|
| LEADER |
00000nab a2200000 a 4500 |
| 001 |
vtls000674994 |
| 003 |
SK-MaSNL |
| 005 |
20260302190510.0 |
| 008 |
160322c1985 xo 0 slo |
| 015 |
|
|
|a SNBRA1998/10-28542
|
| 035 |
|
|
|a CLN000027169
|
| 040 |
|
|
|a SNKBUCL
|b slo
|c SNKBUCL
|e AACR2
|
| 041 |
0 |
|
|a slo
|
| 044 |
|
|
|a xo
|c SK
|
| 080 |
|
|
|a 595.70-051
|2 UDC-MRF-SK2
|
| 080 |
|
|
|a 929 Okáli, Iľja
|2 UDC-MRF-SK2
|
| 100 |
1 |
|
|a Čelko, Elemír,
|d 1918-1995
|4 aut
|9 164362
|
| 245 |
1 |
0 |
|a RNDr. Iľja Okáli sa dožil 50. rokov
|c E. Čelko
|
| 300 |
|
|
|b Fotogr.
|
| 600 |
1 |
7 |
|a Okáli, Ilja,
|d 1934-2002
|2 snkbucl
|9 109204
|
| 655 |
|
7 |
|a články zo zborníkov
|2 snkbucl
|9 166140
|
| 773 |
0 |
|
|t Balneologický spravodajca 1984
|d Bratislava : Alfa, 1985
|g S. 138
|
| 850 |
|
|
|a Slovenská národná knižnica v Martine
|
| 852 |
|
|
|a SNK
|b KIS3GCP
|
| 958 |
|
|
|a SK
|
| 958 |
|
|
|a BX
|
| 999 |
|
|
|c 1433633
|d 1435563
|